Normal view
MARC view
Entry Personal Name
001 - CONTROL NUMBER
- control field: 1586
003 - CONTROL NUMBER IDENTIFIER
- control field: BD-RjUL
005 - DATE AND TIME OF LATEST TRANSACTION
- control field: 20220226134246.0
008 - FIXED-LENGTH DATA ELEMENTS
- fixed length control field: 220226|| aca||aabn | a|a d
040 ## - CATALOGING SOURCE
- Original cataloging agency: BD-RjUL
- Transcribing agency: BD-RjUL
100 ## - HEADING--PERSONAL NAME
- Personal name: Rahman, Md. Mostafizur
670 ## - SOURCE DATA FOUND
- Source citation: Work cat.: (BD-RjUL)79458: Rahman, Md. Mostafizur, Populaction change and development in Bangladesh :, 1999